<?xml version="1.0" encoding="UTF-8"?><?xml-stylesheet type="text/xsl" href="static/style.xsl"?><OAI-PMH xmlns="http://www.openarchives.org/OAI/2.0/" xmlns:xsi="http://www.w3.org/2001/XMLSchema-instance" xsi:schemaLocation="http://www.openarchives.org/OAI/2.0/ http://www.openarchives.org/OAI/2.0/OAI-PMH.xsd"><responseDate>2026-04-28T20:46:42Z</responseDate><request verb="GetRecord" identifier="oai:riubu.ubu.es:10259/9884" metadataPrefix="marc">https://riubu.ubu.es/oai/request</request><GetRecord><record><header><identifier>oai:riubu.ubu.es:10259/9884</identifier><datestamp>2025-01-14T01:05:37Z</datestamp><setSpec>com_10259_9877</setSpec><setSpec>com_10259_7183</setSpec><setSpec>com_10259.4_106</setSpec><setSpec>com_10259_2604</setSpec><setSpec>col_10259_9878</setSpec></header><metadata><record xmlns="http://www.loc.gov/MARC21/slim" xmlns:doc="http://www.lyncode.com/xoai" xmlns:xsi="http://www.w3.org/2001/XMLSchema-instance" xmlns:dcterms="http://purl.org/dc/terms/" xsi:schemaLocation="http://www.loc.gov/MARC21/slim http://www.loc.gov/standards/marcxml/schema/MARC21slim.xsd">
<leader>00925njm 22002777a 4500</leader>
<datafield tag="042" ind1=" " ind2=" ">
<subfield code="a">dc</subfield>
</datafield>
<datafield tag="720" ind1=" " ind2=" ">
<subfield code="a">Macías Morón, Juan José</subfield>
<subfield code="e">author</subfield>
</datafield>
<datafield tag="720" ind1=" " ind2=" ">
<subfield code="a">Valero Aguayo, Luis</subfield>
<subfield code="e">author</subfield>
</datafield>
<datafield tag="260" ind1=" " ind2=" ">
<subfield code="c">2021-12</subfield>
</datafield>
<datafield tag="520" ind1=" " ind2=" ">
<subfield code="a">There is growing evidence showing the efficacy of contextual or thirdgeneration therapies in various contexts and clinical conditions. In large groups of&#xd;
first- and second-year high school students (n= 112), the present study compares&#xd;
the efficacy of applying a program based on Acceptance and Commitment Therapy&#xd;
(ACT) versus a combined program using strategies from Functional-Analytical&#xd;
Psychotherapy (FAP), resulting in a so-called FACT approach. The purpose of this&#xd;
intervention was to extract the most relevant processes underpinning clinical&#xd;
changes to design training programs based on contextual behavioral science to&#xd;
improve students' health. The results indicated that both interventions produced&#xd;
statistically significant improvement in the health of the students. The program&#xd;
combined with FACT was superior in the self-concept variable. The implications of&#xd;
both brief programs to improve students' health in short periods are discussed on&#xd;
the basis of a behavioral methodology adapted to the academic context.</subfield>
</datafield>
<datafield tag="520" ind1=" " ind2=" ">
<subfield code="a">Las terapias contextuales o de tercera generación cada vez acumulan más&#xd;
evidencia sobre su eficacia en diferentes contextos y condiciones clínicas. Este&#xd;
estudio compara en estudiantes de primero y segundo de bachillerato (n=112), la&#xd;
eficacia de un programa basado en la terapia de aceptación y compromiso (ACT)&#xd;
frente a un programa combinado añadiendo estrategias de la psicoterapia analítica&#xd;
funcional (FAP) y resultando en una aproximación denominada terapia funcional&#xd;
de aceptación y compromiso (FACT). El propósito de esta intervención consistió en&#xd;
extraer los procesos más relevantes para el cambio, con el objetivo de diseñar&#xd;
programas de formación basados en la ciencia conductual contextual para mejorar&#xd;
la salud de los estudiantes. Los resultados indicaron que ambas intervenciones&#xd;
produjeron cambios estadísticamente significativos mejorando la salud de los&#xd;
estudiantes. El programa combinado con FACT fue superior en la variable&#xd;
autoconcepto. Se discuten las implicaciones y diferencias de ambos programas&#xd;
breves para mejorar la salud de los estudiantes en breves periodos de tiempo, desde&#xd;
una metodología conductual adaptada al contexto académico.</subfield>
</datafield>
<datafield tag="024" ind2=" " ind1="8">
<subfield code="a">1132-9483</subfield>
</datafield>
<datafield tag="024" ind2=" " ind1="8">
<subfield code="a">http://hdl.handle.net/10259/9884</subfield>
</datafield>
<datafield tag="024" ind2=" " ind1="8">
<subfield code="a">10.51668/bp.8321304n</subfield>
</datafield>
<datafield ind1=" " ind2=" " tag="653">
<subfield code="a">Brief therapy</subfield>
</datafield>
<datafield ind1=" " ind2=" " tag="653">
<subfield code="a">Contextual therapies</subfield>
</datafield>
<datafield ind1=" " ind2=" " tag="653">
<subfield code="a">FACT</subfield>
</datafield>
<datafield ind1=" " ind2=" " tag="653">
<subfield code="a">School health</subfield>
</datafield>
<datafield ind1=" " ind2=" " tag="653">
<subfield code="a">Programa breve</subfield>
</datafield>
<datafield ind1=" " ind2=" " tag="653">
<subfield code="a">Terapias contextuales</subfield>
</datafield>
<datafield ind1=" " ind2=" " tag="653">
<subfield code="a">Salud escolar</subfield>
</datafield>
<datafield tag="245" ind1="0" ind2="0">
<subfield code="a">Application of FACT in the academic context to improve the health in high school students</subfield>
</datafield>
</record></metadata></record></GetRecord></OAI-PMH>